The problems of refugees in Africa : (Record no. 1755)
[ view plain ]
| 000 -LEADER | |
|---|---|
| fixed length control field | 01233cam a2200325 a 4500 |
| 001 - CONTROL NUMBER | |
| control field | 207886 |
| 003 - CONTROL NUMBER IDENTIFIER | |
| control field | OSt |
| 005 - DATE AND TIME OF LATEST TRANSACTION | |
| control field | 20150514140158.0 |
| 008 - FIXED-LENGTH DATA ELEMENTS--GENERAL INFORMATION | |
| fixed length control field | 000511s1999 enkb b 000 0 eng d |
| 010 ## - LIBRARY OF CONGRESS CONTROL NUMBER | |
| LC control number | 99072846 |
| 015 ## - NATIONAL BIBLIOGRAPHY NUMBER | |
| National bibliography number | GB99-Y7380 |
| 020 ## - INTERNATIONAL STANDARD BOOK NUMBER | |
| International Standard Book Number | 184014999X |
| 035 ## - SYSTEM CONTROL NUMBER | |
| System control number | (OCoLC)ocm40926478 |
| 040 ## - CATALOGING SOURCE | |
| Original cataloging agency | UKM |
| Transcribing agency | UKM |
| Modifying agency | MIA |
| -- | DLC |
| 042 ## - AUTHENTICATION CODE | |
| Authentication code | lccopycat |
| 050 00 - LIBRARY OF CONGRESS CALL NUMBER | |
| Classification number | HV640.4.A35 |
| Item number | B53 1999 |
| 082 00 - DEWEY DECIMAL CLASSIFICATION NUMBER | |
| Classification number | 362.096914 |
| Edition number | 21 |
| Item number | BLA 1999 |
| 100 1# - MAIN ENTRY--PERSONAL NAME | |
| Personal name | Blavo, E. Q. |
| 9 (RLIN) | 4626 |
| 245 14 - TITLE STATEMENT | |
| Title | The problems of refugees in Africa : |
| Remainder of title | boundaries and borders / |
| Statement of responsibility, etc. | Ebenezer Q. Blavo. |
| 260 ## - PUBLICATION, DISTRIBUTION, ETC. (IMPRINT) | |
| Place of publication, distribution, etc. | Aldershot, Hants, England ; |
| -- | Brookfield, Vt., USA : |
| Name of publisher, distributor, etc. | Ashgate, |
| Date of publication, distribution, etc. | 1999. |
| 300 ## - PHYSICAL DESCRIPTION | |
| Extent | ix, 177 p. : |
| Other physical details | 1 map. ; |
| Dimensions | 23 cm. |
| 440 #0 - SERIES STATEMENT/ADDED ENTRY--TITLE | |
| Title | University of North London voices in development management |
| 9 (RLIN) | 4627 |
| 504 ## - BIBLIOGRAPHY, ETC. NOTE | |
| Bibliography, etc | Includes bibliographical references. |
| 650 #0 - SUBJECT ADDED ENTRY--TOPICAL TERM | |
| Topical term or geographic name as entry element | Refugees |
| Geographic subdivision | Africa. |
| 9 (RLIN) | 4628 |
| 650 #0 - SUBJECT ADDED ENTRY--TOPICAL TERM | |
| Topical term or geographic name as entry element | Refugees |
| General subdivision | Government policy |
| Geographic subdivision | Africa. |
| 9 (RLIN) | 4629 |
| 710 2# - ADDED ENTRY--CORPORATE NAME | |
| Corporate name or jurisdiction name as entry element | University of North London. |
| 9 (RLIN) | 4630 |
| 906 ## - LOCAL DATA ELEMENT F, LDF (RLIN) | |
| a | 7 |
| b | cbc |
| c | copycat |
| d | 2 |
| e | ncip |
| f | 19 |
| g | y-gencatlg |
| 942 ## - ADDED ENTRY ELEMENTS (KOHA) | |
| Source of classification or shelving scheme | Dewey Decimal Classification |
| Koha item type | Short Loan |
| Withdrawn status | Lost status | Source of classification or shelving scheme | Damaged status | Not for loan | Home library | Current library | Date acquired | Inventory number | Total Checkouts | Full call number | Barcode | Date last seen | Price effective from | Koha item type | Source of acquisition |
|---|---|---|---|---|---|---|---|---|---|---|---|---|---|---|---|
| Dewey Decimal Classification | MUST Main Library | MUST Main Library | 14/05/2015 | 2006/27970 | 362.096914 BLA 1999 | 2015-1416 | 14/05/2015 | 14/05/2015 | Short Loan | ||||||
| Dewey Decimal Classification | MUST Main Library | MUST Main Library | 20/05/2015 | 2006/27972 | 362.096914 BLA 1999 | 2015-1502 | 20/05/2015 | 20/05/2015 | Short Loan | ||||||
| Dewey Decimal Classification | MUST Main Library | MUST Main Library | 20/05/2015 | 2006/27973 | 362.096914 BLA 1999 | 2015-1503 | 20/05/2015 | 20/05/2015 | Short Loan | ||||||
| Dewey Decimal Classification | MUST Main Library | MUST Main Library | 21/04/2016 | 06/27974. | 362.096914 BLA 1999 | 2016-1142 | 21/04/2016 | 21/04/2016 | Short Loan |
